00712cam a22002294a 4500001000500000005001700005020001500022020001800037040002300055050002200078082000800100100001000108245005100118260003800169300004600207505000800253520009400261521002000355521002000375650005400395650003300449314820240214104641.0 a0060287195 a9780439819763 aDLCcDLCdDLCbeng00aML3928.A45b 200300a7800 aAliki10aAh, music! /cwritten and illustrated by Aliki a New York :bHarperCollins,c2003 a47 pages : bcolor illustrations ;c29cm. aZ  aSurveys the history and components of music, concentrating on Western musical traditions. a910 bLexile  aZ bRaz-Plus  0aMusicxHistory and criticismvJuvenile literature 1aMusicxHistory and criticism